书目信息 |
| 题名: |
人口基础知识
|
|
| 作者: | 蔡尚忠 编 | |
| 分册: | ||
| 出版信息: | 北京 知识出版社 1982.01 |
|
| 页数: | 278页 | |
| 开本: | 19cm | |
| 丛书名: | ||
| 单 册: | ||
| 中图分类: | C92 | |
| 科图分类: | ||
| 主题词: | 人口学 | |
| 电子资源: | ||
| ISBN: | ||
| 000 | 00499nam0 2200193 45 | |
| 001 | 0405050994 | |
| 005 | 20060407101620.46 | |
| 010 | @dCNY0.85 | |
| 091 | @a4214.4 | |
| 100 | @a20040505d1982 km y0chiy0120 ea | |
| 101 | 0 | @achi |
| 200 | 1 | @a人口基础知识@ARen Kou Ji Chu Zhi Shi@f蔡尚忠编@FCai Shang Zhong Bian |
| 210 | @a北京@c知识出版社@d1982.01 | |
| 215 | @a278页@d19cm | |
| 606 | 0 | @a人口学 |
| 690 | @aC92@v3 | |
| 701 | 0 | @a蔡尚忠@4编 |
| 801 | @aCN@bPftUser@c20060407 | |
| 905 | @dC92@e10@f1@b89017 | |
| 人口基础知识/蔡尚忠编.-北京:知识出版社,1982.01 |
| 278页;19cm |
| ISBN :CNY0.85 |
| ● |
| 相关链接 |
|
|
|
|
正题名:人口基础知识
索取号:C92/10
 
预约/预借
| 序号 | 登录号 | 条形码 | 馆藏地/架位号 | 状态 | 备注 |
| 1 | 0089015 | 001030690 | 密集书库/ [索取号:C92/10] | 在馆 | |
| 2 | 0089016 | 202219697 | 密集书库/ [索取号:C92/10] | 在馆 | |
| 3 | 0089017 | 001030707 | 第一样本阅览室/ [索取号:C92/10] | 在馆 |